| 000 | 00439nam a2200145Ia 4500 | ||
|---|---|---|---|
| 008 | 231129s1998||||xx |||||||||||||| ||spa|| | ||
| 020 | _a958-600-706-5 | ||
| 040 | _bspa | ||
| 082 | _a658.4012 G655p | ||
| 100 | _aGoodstein Leonard D. | ||
| 245 | 0 | _aPlaneación estratégica aplicada: Cómo desarrollar un plan que realmente funciones | |
| 260 | _c1998 | ||
| 264 | _aMcGraw-Hill | ||
| 942 |
_2ddc _cBKS |
||
| 999 |
_c22817 _d22817 |
||